000 00670nam a22002537a 4500
003 UA-OsUOA
001 23932
007 ta
008 20040202b un ||||| |||| 00| 0 ukr d
100 _aРимаренко Юрій Іванович
090 _a321.01(477)
_bР51
942 _cBK
040 _aUA-OsUOA
_bukr
_cUA-OsUOA
_dUA-OsUOA
245 _aНаціональний розвій України: проблеми і перспективи
300 _a272 с.
955 _a0
041 _aukr
080 _a321.01(477)
020 _a5-7707-4571-1
260 _aКиїв
_bЮрінком
_c1995
044 _aUA
650 7 _2UDC
999 _c310194
_d310194